Statystyki dla Drużyny NBA Quiz

Kliknij tutaj aby rozwiązać quiz!

Ogólne statystyki

  • Ten quiz został rozwiązany 2 438 razy
    (2 430 od ostatniego zresetowania)
  • Średni wynik to 22 z 31

Statystyki odpowiedzi

Odpowiedź% Poprawnych
Los Angeles Lakers
95%
Chicago Bulls
88%
Boston Celtics
86%
Golden State Warriors
85%
Brooklyn Nets
83%
Miami Heat
83%
Los Angeles Clippers
79%
Milwaukee Bucks
78%
San Antonio Spurs
77%
Toronto Raptors
75%
New York Knicks
72%
Washington Wizards
72%
Denver Nuggets
71%
Houston Rockets
71%
Phoenix Suns
71%
Orlando Magic
68%
Dallas Mavericks
67%
Dallas Mavericks
67%
Oklahoma City Thunder
66%
Cleveland Cavaliers
65%
Detroit Pistons
65%
Philadelphia 76ers
65%
Charlotte Hornets
64%
Utah Jazz
64%
Minnesota Timberwolves
63%
Atlanta Hawks
61%
Memphis Grizzlies
60%
Sacramento Kings
59%
Indiana Pacers
55%
New Orleans Pelicans
55%
Portland Trail Blazers
54%

Rozkład punktacji

Percentyl według liczby udzielonych odpowiedzi

Procent ludzi z każdym wynikiem

Twoja historia wyników

Nie rozwiązałeś tego quizu od ostatniego zresetowania